01712nam a22003497a 450000500170000000800410001702000180005804000250007604100080010104400070010908200210011610000340013724501540017126000300032530000450035550400420040052001940044265000260063665000450066265000420070770000330074970000260078270000420080870000310085070000270088170000330090871000500094177601360099194200200112799900170114795201980116420150912020002.0090715s it b i001 0 spa c a9789589981788 aCO-BOIAvHcCO-BOIAvH aspa ack10a333.956492bV14p1 aValderrama B., Mauricio9541900aPropuesta hacia la ordenación pesquera del bagre rayado Pseudoplatystoma magdaleniatum en la Cuenca Magdalena-CaucacMauricio Valderrama [y otros]. aBogotá :bAunap,cs.f.. a40 p. :bfotografías a color ;c30 cm. aIncluye referencias bibliográficas.3 aSe presenta un diagnóstico de la situación de la pesquería del bagre rayado y una propuesta de acciones y normas que va a ser evaluadas y de las que se espera puedan se implementadas.10aPeces de río93546610aBagrezCuenca Magdalena (Colombia93546710aPseudoplatystoma magdaleniatum9354681 aHernández B., Sandra954241 aPardo B., Raul9354691 aBarreto Reyes, Carlos Guillermo972841 aContreras, Pedro J.9354701 aAlonso, Juan C.9354711 aLarrahondo M., Miryam9354722 aColombia. bMinisterio de Agricultura.91401408iOnline version:tCapture-based aquaculture.dRome : Food and Agriculture Organization of the United Nations, 2008w(OCoLC)656109464 2ddccFolleto01 c17552d17552 00102ddc40708GENERALIINV2017aBogotabBogotad2015-07-09eDonado por Paula Sánchezl1oLB-333.956492 V14pp042098r2015-09-11 00:00:00s2015-09-11tEj. 1w2015-07-09xDonaciónyFolleto